[Event "Viljandimaa Kreis-ch"]
[Site "Viljandi"]
[Date "2003.11.16"]
[Round "8"]
[White "Kanep, Siim"]
[Black "Poder, Paul"]
[Result "1-0"]
[WhiteElo "2159"]
[BlackElo "1955"]
[PlyCount "93"]
[EventDate "2003.10.18"]
[EventType "tourn"]
[EventRounds "14"]
[EventCountry "EST"]
[SourceTitle "EXT 2018"]
[Source "ChessBase"]
[SourceDate "2017.10.13"]
[SourceVersion "1"]
[SourceVersionDate "2017.10.13"]
[SourceQuality "1"]

1. Nf3 c5 2. e4 b6 3. d4 cxd4 4. Nxd4 Bb7 5. Nc3 Nc6 6. Be3 e6 7. Qd2 Bb4 8. a3 Bc5 9. Ndb5 Be7 10. Nd6+ Bxd6 11. Qxd6 Nge7 12. 0-0-0 Rc8 13. h4 h6 14. Qg3 a6 15. Na4 Qc7 16. Qxc7 Rxc7 17. Bxb6 Rc8 18. Nc5 Nd8 19. Nxb7 Nxb7 20. Bd4 Rc6 21. Bxg7 Rh7 22. Bd4 f5 23. exf5 Nxf5 24. Bd3 Rf7 25. Ba7 Nc5 26. Bxc5 Rxc5 27. Bxa6 Ne7 28. b4 Rc6 29. Bb5 Rc7 30. Rd2 Nd5 31. c4 Nc3 32. Kb2 Ne4 33. Re2 Rxf2 34. Rxf2 Nxf2 35. Rf1 Nd3+ 36. Kc3 Ne5 37. Re1 Nc6 38. Bxc6 Rxc6 39. b5 Rc8 40. Kb4 Ke7 41. c5 d5 42. cxd6+ Kxd6 43. Rd1+ Ke5 44. b6 Kf4 45. Kb5 e5 46. b7 Rb8 47. Kb6 1-0

[Event "Viljandimaa Kreis-ch"]
[Site "Viljandi"]
[Date "2003.11.01"]
[Round "6"]
[White "Sammul, Jueri"]
[Black "Poder, Paul"]
[Result "1-0"]
[WhiteElo "2110"]
[BlackElo "1955"]
[PlyCount "81"]
[EventDate "2003.10.18"]
[EventType "tourn"]
[EventRounds "14"]
[EventCountry "EST"]
[SourceTitle "EXT 2018"]
[Source "ChessBase"]
[SourceDate "2017.10.13"]
[SourceVersion "1"]
[SourceVersionDate "2017.10.13"]
[SourceQuality "1"]

1. e4 c5 2. Nf3 Nc6 3. b3 d6 4. Bb2 Bg4 5. Bb5 Qb6 6. Qe2 e6 7. h3 Bh5 8. Nc3 Nge7 9. g4 Bg6 10. h4 h5 11. g5 0-0-0 12. 0-0-0 Kb8 13. Qe3 e5 14. Bc4 Qa5 15. Kb1 Nd4 16. Nd5 b5 17. Nxe7 bxc4 18. Nxg6 fxg6 19. bxc4 Be7 20. Nxd4 cxd4 21. Qa3 Qc7 22. f4 Rhf8 23. Rhf1 Ka8 24. Qa6 Rb8 25. Ka1 Rb6 26. Qa5 Qxc4 27. Qd5+ Qxd5 28. exd5 Rf5 29. Rde1 Rb5 30. fxe5 Rxd5 31. Rxf5 gxf5 32. exd6 Bxd6 33. Re8+ Kb7 34. Rg8 Bg3 35. Rxg7+ Ka6 36. Rf7 Bxh4 37. g6 Rd6 38. g7 Rg6 39. Bxd4 Bg5 40. c4 f4 41. Rxa7# 1-0